Plan genérico de inspección de edificaciones asociado al ISO 9001

Guardado en:
書目詳細資料
主要作者: Solís Chang, Dagoberto
格式: 圖書
出版: [San José, Costa Rica] 2007
主題:
標簽: 添加標簽
沒有標簽, 成為第一個標記此記錄!

MARC

LEADER 00000nam a2200000Ia 4500
003 009949
005 20221231144107.0
008 140114s2007 cr a 000 ||s d
040 |c cru CEDI  
090 |a TFG 5477 
100 |a Solís Chang, Dagoberto  |9 4820 
245 |a  Plan genérico de inspección de edificaciones asociado al ISO 9001  
260 |c 2007  |b [San José, Costa Rica] 
300 |a vii, 144, [18] hojas 
500 |a Tesis (licenciatura en ingeniería civil)--Universidad de Costa Rica. Facultad de Ingeniería. Escuela de Ingeniería Civil 
650 |x CONSTRUCCION   |x INSPECCION   |x  INDUSTRIA DE LA CONSTRUCCION   |x CONTROL DE CALIDAD   |x CERTIFICACION  |9 4821 
942 |c TFG 
999 |c 16800  |d 16800